| 000 | 00389nam a2200145Ia 4500 | ||
|---|---|---|---|
| 999 |
_c10851 _d10851 |
||
| 008 | 191201s2011 xx 000 0 und d | ||
| 082 |
_a687.02 _bALM |
||
| 100 | _aALDRICH, Winifred | ||
| 245 | 0 | _aMetric Pattern Cutting for Menswear | |
| 250 | _a5th | ||
| 260 |
_aNew delhi _bWiley India _c2019 |
||
| 300 | _a198 | ||
| 650 | _aBachelor of Fashion and Apparel Design | ||
| 942 |
_2ddc _cBK _01 |
||